[Event "Regionalliga SW 1617"]
[Site "Bayern"]
[Date "2017.02.05"]
[Round "5.4"]
[White "Leeb, Jonas"]
[Black "Erler, Mark"]
[Result "0-1"]
[WhiteElo "1898"]
[BlackElo "2010"]
[PlyCount "46"]
[EventDate "2016.10.16"]
[EventType "team-tourn"]
[EventRounds "9"]
[EventCountry "GER"]
[SourceTitle "EXT 2019"]
[Source "ChessBase"]
[SourceDate "2018.10.10"]
[SourceVersion "1"]
[SourceVersionDate "2018.10.10"]
[SourceQuality "1"]
[WhiteTeam "Muenchen Suedost II"]
[BlackTeam "Tuerkheim/Bad Woerishofen"]
[WhiteTeamCountry "GER"]
[BlackTeamCountry "GER"]

1. c4 c5 2. g3 Nc6 3. Bg2 g6 4. Nc3 Bg7 5. e4 a6 6. Nge2 b5 7. cxb5 axb5 8. Nxb5 Ba6 9. Nbc3 Nb4 10. 0-0 Bd3 11. a3 Bc2 12. axb4 Bxd1 13. Rxa8 Qxa8 14. Rxd1 cxb4 15. Nd5 Qa4 16. Re1 e6 17. Ne3 Ne7 18. d4 0-0 19. Nc4 d5 20. exd5 Nxd5 21. Kf1 Qa6 22. b3 Qa2 23. Nd2 Rc8 0-1

[Event "Regionalliga SW 1617"]
[Site "Bayern"]
[Date "2017.01.15"]
[Round "4.4"]
[White "Heuser, Philip"]
[Black "Leeb, Jonas"]
[Result "1-0"]
[WhiteElo "1989"]
[BlackElo "1898"]
[PlyCount "107"]
[EventDate "2016.10.16"]
[EventType "team-tourn"]
[EventRounds "9"]
[EventCountry "GER"]
[SourceTitle "EXT 2019"]
[Source "ChessBase"]
[SourceDate "2018.10.10"]
[SourceVersion "1"]
[SourceVersionDate "2018.10.10"]
[SourceQuality "1"]
[WhiteTeam "Muenchen 36 II"]
[BlackTeam "Muenchen Suedost II"]
[WhiteTeamCountry "GER"]
[BlackTeamCountry "GER"]

1. d4 d5 2. c4 c6 3. Nc3 Nf6 4. cxd5 cxd5 5. Bf4 Qb6 6. Rc1 Nc6 7. e3 Bf5 8. Bd3 Bg6 9. Nge2 e6 10. 0-0 Be7 11. Na4 Qa5 12. Bxg6 hxg6 13. h3 0-0 14. a3 Rfc8 15. b4 Qd8 16. Nc5 b6 17. Nd3 Ne4 18. Qa4 Qd7 19. Rc2 Ne5 20. Qxd7 Nxd7 21. Rfc1 Nd6 22. Bxd6 Rxc2 23. Rxc2 Bxd6 24. Rc6 Bf8 25. a4 Nf6 26. Nc3 Ne8 27. Nb5 a5 28. bxa5 Rxa5 29. Nc3 Nd6 30. Rxb6 Ne4 31. Rb5 Ra7 32. Nxe4 dxe4 33. Nc5 Bxc5 34. Rxc5 Rxa4 35. Re5 Ra1+ 36. Kh2 Ra2 37. Kg3 Kf8 38. Rxe4 Rd2 39. Re5 Ke7 40. Ra5 f5 41. h4 Kf6 42. Ra6 Kf7 43. f3 Ke7 44. Kf4 Re2 45. g3 Kf7 46. Ra7+ Kf6 47. e4 fxe4 48. fxe4 g5+ 49. hxg5+ Kg6 50. Re7 Rf2+ 51. Kg4 e5 52. Rxe5 Rh2 53. Re6+ Kh7 54. d5 1-0

[Event "GER-chT U20"]
[Site "Osnabrueck"]
[Date "2015.12.29"]
[Round "5.5"]
[White "Braun, Kristin"]
[Black "Leeb, Jonas"]
[Result "0-1"]
[WhiteElo "1736"]
[BlackElo "1925"]
[PlyCount "72"]
[EventDate "2015.12.27"]
[EventType "team-swiss"]
[EventRounds "7"]
[EventCountry "GER"]
[SourceTitle "EXT 2017"]
[Source "ChessBase"]
[SourceDate "2016.10.25"]
[SourceVersion "1"]
[SourceVersionDate "2016.10.25"]
[SourceQuality "1"]
[WhiteTeam "Forchheim"]
[BlackTeam "Muenchen Suedost"]
[WhiteTeamCountry "GER"]
[BlackTeamCountry "GER"]

1. d4 d5 2. Nf3 Nf6 3. e3 e6 4. Bd3 Be7 5. 0-0 0-0 6. b3 c6 7. Bb2 Nbd7 8. Nbd2 b6 9. Ne5 Bb7 10. f4 Rc8 11. c4 c5 12. Qc2 h6 13. f5 cxd4 14. exd4 Nxe5 15. dxe5 Bc5+ 16. Kh1 Ng4 17. Rf4 Ne3 18. Qb1 Qg5 19. g3 Ng4 20. h4 Qh5 21. Be2 dxc4+ 22. Ne4 exf5 23. Bxg4 fxg4 24. Qd1 Be3 25. Rxg4 Qf5 26. Kh2 Bxe4 27. Qe2 Qf3 28. Qxf3 Bxf3 29. Rxc4 Rxc4 30. bxc4 Rd8 31. Ba3 Rd2+ 32. Kh3 h5 33. g4 Bxg4+ 34. Kg3 Bf2+ 35. Kf4 Rd4+ 36. Kg5 Be3# 0-1

[Event "GER-chT U20"]
[Site "Osnabrueck"]
[Date "2015.12.27"]
[Round "1.5"]
[White "Doerp, Max Marian"]
[Black "Leeb, Jonas"]
[Result "1/2-1/2"]
[WhiteElo "1532"]
[BlackElo "1925"]
[PlyCount "167"]
[EventDate "2015.12.27"]
[EventType "team-swiss"]
[EventRounds "7"]
[EventCountry "GER"]
[SourceTitle "EXT 2017"]
[Source "ChessBase"]
[SourceDate "2016.10.25"]
[SourceVersion "1"]
[SourceVersionDate "2016.10.25"]
[SourceQuality "1"]
[WhiteTeam "Luebeck"]
[BlackTeam "Muenchen Suedost"]
[WhiteTeamCountry "GER"]
[BlackTeamCountry "GER"]

1. e4 c5 2. Nc3 Nc6 3. f4 d6 4. Nf3 g6 5. g3 Bg7 6. Bg2 e6 7. d3 Nge7 8. 0-0 0-0 9. Ne2 b6 10. c3 Ba6 11. Re1 Rc8 12. a3 d5 13. e5 Qd7 14. Bd2 Bxd3 15. Be3 Be4 16. Nd2 Bxg2 17. Kxg2 Nf5 18. Bf2 Rfd8 19. Qa4 Qb7 20. Nf3 b5 21. Qc2 Bf8 22. Kg1 a5 23. a4 b4 24. Rab1 Qa6 25. Rbd1 Qb7 26. Rb1 h5 27. Red1 b3 28. Qd2 Qd7 29. Qd3 c4 30. Qd2 Nb8 31. Ra1 Na6 32. Bb6 Bc5+ 33. Bxc5 Nxc5 34. Ned4 Ne4 35. Qc2 Nxd4 36. Nxd4 Nc5 37. Ra3 Ra8 38. Qd2 Nxa4 39. Rda1 Nb6 40. Rxa5 Rxa5 41. Rxa5 Ra8 42. Rxa8+ Nxa8 43. Qf2 Qa7 44. g4 Qa1+ 45. Kg2 Qd1 46. gxh5 Qxh5 47. Ne2 Qg4+ 48. Kf1 Qh3+ 49. Ke1 Nc7 50. Qc5 Qh4+ 51. Kd2 Ne8 52. Qc8 Qe7 53. Nd4 Kf8 54. Nb5 Qh4 55. Nd6 Qxf4+ 56. Kd1 Qf1+ 57. Kd2 Qd3+ 58. Ke1 Qb1+ 59. Ke2 Qxb2+ 60. Kf1 Qc1+ 61. Kg2 Qd2+ 62. Kf1 Qc1+ 63. Kf2 Qb2+ 64. Kg1 Qa1+ 65. Kg2 Qa4 66. Qb8 Qd7 67. Kf3 b2 68. Nxe8 Qxe8 69. Qxb2 Qc6 70. Qb8+ Kg7 71. Qd8 d4+ 72. Kg3 d3 73. Qf6+ Kf8 74. Qh8+ Ke7 75. Qf6+ Ke8 76. Qh8+ Kd7 77. Qf8 Kc7 78. Qe7+ Kb6 79. Qb4+ Qb5 80. Qd6+ Qc6 81. Qb4+ Kc7 82. Qe7+ Qd7 83. Qc5+ Kb7 84. Qb4+ 1/2-1/2

[Event "Bayernliga U20 1415"]
[Site "Bayern"]
[Date "2015.03.21"]
[Round "6.4"]
[White "Leeb, Jonas"]
[Black "Wichmann, Adrian"]
[Result "1-0"]
[WhiteElo "1898"]
[BlackElo "1973"]
[PlyCount "49"]
[EventDate "2014.11.15"]
[EventType "team-tourn"]
[EventRounds "7"]
[EventCountry "GER"]
[SourceTitle "EXT 2022"]
[Source "ChessBase"]
[SourceDate "2021.10.06"]
[SourceVersion "1"]
[SourceVersionDate "2021.10.06"]
[SourceQuality "1"]
[WhiteTeam "Muenchen Suedost SK U20"]
[BlackTeam "Forchheim SC U20"]
[WhiteTeamCountry "GER"]
[BlackTeamCountry "GER"]

1. c4 e5 2. Nc3 Nf6 3. g3 Bb4 4. Nd5 Nxd5 5. cxd5 d6 6. Qa4+ c6 7. Qxb4 cxd5 8. Bg2 Nc6 9. Qb3 Nd4 10. Qd1 Bf5 11. d3 Rc8 12. Rb1 Qa5+ 13. Bd2 Qxa2 14. Bc3 0-0 15. Bxd4 exd4 16. Nf3 Bg4 17. 0-0 Bxf3 18. Bxf3 Rc5 19. Qd2 Rfc8 20. Qb4 Qa5 21. Qxb7 R8c7 22. Qb8+ Rc8 23. Qxd6 g6 24. b4 Qc7 25. bxc5 1-0

[Event "Bayernliga U20 1415"]
[Site "Bayern"]
[Date "2014.12.13"]
[Round "3.3"]
[White "Roesl, Martin"]
[Black "Leeb, Jonas"]
[Result "1/2-1/2"]
[WhiteElo "1557"]
[BlackElo "1898"]
[PlyCount "106"]
[EventDate "2014.11.15"]
[EventType "team-tourn"]
[EventRounds "7"]
[EventCountry "GER"]
[SourceTitle "EXT 2022"]
[Source "ChessBase"]
[SourceDate "2021.10.06"]
[SourceVersion "1"]
[SourceVersionDate "2021.10.06"]
[SourceQuality "1"]
[WhiteTeam "Regensburg Bavaria U20"]
[BlackTeam "Muenchen Suedost SK U20"]
[WhiteTeamCountry "GER"]
[BlackTeamCountry "GER"]

1. e4 d6 2. d4 Nf6 3. Nc3 e5 4. dxe5 dxe5 5. Qxd8+ Kxd8 6. Bc4 Be6 7. Bxe6 fxe6 8. Bg5 c6 9. 0-0-0+ Kc7 10. f3 Nbd7 11. Nge2 a5 12. Kb1 Bc5 13. Nc1 b5 14. Nd3 Bd6 15. Be3 Rhf8 16. Rhf1 a4 17. a3 Rfb8 18. Na2 c5 19. c3 Rb6 20. Rf2 Rc6 21. Rfd2 Nb6 22. Rc2 Nc4 23. Bf2 Rf8 24. Re2 Nh5 25. Bg1 Nf4 26. Rc2 Nxd3 27. Rxd3 h6 28. Bf2 g5 29. Be3 Rg8 30. h3 Kd7 31. Bf2 Ke7 32. Kc1 h5 33. Kd1 g4 34. fxg4 hxg4 35. Rg3 Rcc8 36. hxg4 Rcf8 37. Nc1 Rf4 38. Re2 Rfxg4 39. Rxg4 Rxg4 40. Nd3 Rxg2 41. Bh4+ Ke8 42. Rxg2 Ne3+ 43. Ke2 Nxg2 44. Bg3 Nf4+ 45. Ke3 Nxd3 46. Kxd3 c4+ 47. Ke2 Kf7 48. Kf3 Bc7 49. Bf2 Kg6 50. Kg4 Bd6 51. Be3 Bc5 52. Bf2 Bxf2 53. Kf3 Be3 1/2-1/2

[Event "Arber op 3rd"]
[Site "Bayerisch Eisenstein"]
[Date "2014.08.21"]
[Round "6"]
[White "Leeb, Jonas"]
[Black "Strasil, Pavel"]
[Result "1/2-1/2"]
[WhiteElo "1897"]
[BlackElo "2132"]
[PlyCount "92"]
[EventDate "2014.08.16"]
[EventType "swiss"]
[EventRounds "9"]
[EventCountry "GER"]
[SourceTitle "CBM 161 Extra"]
[Source "ChessBase"]
[SourceDate "2014.08.29"]
[SourceVersion "1"]
[SourceVersionDate "2014.08.29"]
[SourceQuality "1"]

1. c4 Nf6 2. g3 c5 3. Bg2 g6 4. Nc3 Bg7 5. d3 0-0 6. e4 Nc6 7. Nge2 d6 8. 0-0 Bd7 9. a3 a6 10. Rb1 Nd4 11. Nxd4 cxd4 12. Ne2 e5 13. Bd2 Bc6 14. Qc1 b5 15. b3 bxc4 16. bxc4 Nd7 17. Bb4 Qe7 18. Ba5 Rfb8 19. Qc2 Nc5 20. Rxb8+ Rxb8 21. Rb1 Qa7 22. Rb4 Rb7 23. Qb1 Qb8 24. Nc1 Bh6 25. Bf1 Bxc1 26. Qxc1 Nb3 27. Rxb7 Qxb7 28. Qe1 Kg7 29. Qb4 Qxb4 30. Bxb4 Nc5 31. Bxc5 dxc5 32. Bh3 Kf8 33. Bc8 a5 34. Kf1 Ke7 35. Ke2 f6 36. Kd2 Bd7 37. Bxd7 Kxd7 38. a4 f5 39. f3 Ke6 40. Ke2 Kf6 41. Kf2 Kg5 42. Kf1 f4 43. g4 Kh4 44. Kg2 h5 45. h3 hxg4 46. hxg4 g5 1/2-1/2

[Event "Arber op 3rd"]
[Site "Bayerisch Eisenstein"]
[Date "2014.08.20"]
[Round "5"]
[White "Ptacnik, Stanislav"]
[Black "Leeb, Jonas"]
[Result "1/2-1/2"]
[WhiteElo "2091"]
[BlackElo "1897"]
[PlyCount "136"]
[EventDate "2014.08.16"]
[EventType "swiss"]
[EventRounds "9"]
[EventCountry "GER"]
[SourceTitle "CBM 161 Extra"]
[Source "ChessBase"]
[SourceDate "2014.08.29"]
[SourceVersion "1"]
[SourceVersionDate "2014.08.29"]
[SourceQuality "1"]

1. e4 d6 2. d4 Nf6 3. Nc3 e5 4. Nf3 Nbd7 5. Be2 Be7 6. 0-0 0-0 7. a4 a5 8. h3 h6 9. b3 c6 10. Ba3 Re8 11. Qd2 exd4 12. Nxd4 Nc5 13. Bf3 Qb6 14. Rae1 Bf8 15. Bb2 Qb4 16. Re2 Ne6 17. Nxe6 Rxe6 18. Ra1 Qc5 19. Nd1 Qb6 20. Bd4 Qc7 21. c4 Bd7 22. Qc2 Rae8 23. Nc3 Qd8 24. g3 Nh7 25. Bg2 Rg6 26. Kh2 Ng5 27. f4 Ne6 28. Bf2 Nc5 29. f5 Rf6 30. Bd4 Na6 31. Rd1 Nb4 32. Qd2 d5 33. Bxf6 Qxf6 34. cxd5 cxd5 35. Nxd5 Nxd5 36. Qxd5 Bxf5 37. Rf1 Be6 38. Rxf6 Bxd5 39. Rf5 Bxb3 40. Rxa5 Bc4 41. Rb2 Rb8 42. Ra7 b5 43. axb5 Rxb5 44. Rxb5 Bxb5 45. e5 Bc4 46. Rd7 Ba3 47. Bd5 Bxd5 48. Rxd5 Kf8 49. Kg2 Ke7 50. Kf3 Ke6 51. Ra5 Bb2 52. Kf4 Bc1+ 53. Ke4 f5+ 54. exf6 Kxf6 55. Ra6+ Kg5 56. h4+ Kh5 57. Ke5 Bd2 58. Ra2 Bc1 59. Rc2 Be3 60. Ke4 Bb6 61. Kf4 Bd4 62. g4+ Kg6 63. Rc6+ Kh7 64. Kf5 Bf2 65. h5 Be3 66. Ke6 Bg5 67. Kf7 Bd2 68. Rg6 Bc3 1/2-1/2

[Event "Bayernliga U20 1314"]
[Site "Bayern"]
[Date "2013.11.16"]
[Round "1.5"]
[White "Leeb, Jonas"]
[Black "Haelterlein, Anna"]
[Result "1/2-1/2"]
[WhiteElo "1898"]
[BlackElo "1394"]
[PlyCount "78"]
[EventDate "2013.11.16"]
[EventType "team-tourn"]
[EventRounds "7"]
[EventCountry "GER"]
[SourceTitle "EXT 2022"]
[Source "ChessBase"]
[SourceDate "2021.10.06"]
[SourceVersion "1"]
[SourceVersionDate "2021.10.06"]
[SourceQuality "1"]
[WhiteTeam "Muenchen Suedost SK U20"]
[BlackTeam "Weilheim U20"]
[WhiteTeamCountry "GER"]
[BlackTeamCountry "GER"]

1. Nf3 Nc6 2. d4 Nf6 3. c4 e6 4. Nc3 d5 5. Bg5 dxc4 6. e4 Be7 7. Bxc4 0-0 8. 0-0 Na5 9. Be2 b6 10. a3 Bb7 11. b4 Nc6 12. e5 Nd5 13. Nxd5 Qxd5 14. Rc1 Bxg5 15. Nxg5 Nxd4 16. Bf3 Nxf3+ 17. Nxf3 Rac8 18. Qa4 a6 19. Rfd1 Qe4 20. Qb3 Bd5 21. Qb2 Qg4 22. Ne1 Rfd8 23. Qd4 Qxd4 24. Rxd4 c5 25. bxc5 Rxc5 26. Rxc5 bxc5 27. Rd1 Rc8 28. Rc1 c4 29. f3 Rb8 30. Kf2 Rb2+ 31. Ke3 Rb3+ 32. Kd4 Rxa3 33. Rb1 Rb3 34. Rxb3 cxb3 35. Nd3 a5 36. Nb2 Bc6 37. Kc5 Bd5 38. Nc4 a4 39. Kb4 Kf8 1/2-1/2

[Event "Landesliga Sued 1213 U20"]
[Site "Bayern"]
[Date "2013.01.19"]
[Round "5.3"]
[White "Baumhoer, Laurenz"]
[Black "Leeb, Jonas"]
[Result "1-0"]
[WhiteElo "1405"]
[BlackElo "1761"]
[PlyCount "45"]
[EventDate "2012.10.20"]
[EventType "team-tourn"]
[EventRounds "7"]
[EventCountry "GER"]
[SourceTitle "EXT 2020"]
[Source "ChessBase"]
[SourceDate "2019.10.17"]
[SourceVersion "1"]
[SourceVersionDate "2019.10.17"]
[SourceQuality "1"]
[WhiteTeam "Ismaning U20"]
[BlackTeam "Muenchen Suedost U20 II"]
[WhiteTeamCountry "GER"]
[BlackTeamCountry "GER"]

1. e4 c5 2. Nf3 Nc6 3. d4 cxd4 4. Nxd4 Nf6 5. Nc3 e5 6. Nb3 d6 7. Bb5 Be7 8. f4 Bg4 9. Be2 Bxe2 10. Qxe2 a6 11. Be3 exf4 12. Bxf4 Ne5 13. 0-0-0 Qc7 14. h3 0-0-0 15. Rd4 Kb8 16. Rhd1 h6 17. Be3 g5 18. Rb4 Nc6 19. Rc4 Nd7 20. Nd5 Qc8 21. Nxe7 Qc7 22. Nxc6+ bxc6 23. Rb4+ 1-0

[Event "Landesliga Sued 1213 U20"]
[Site "Bayern"]
[Date "2012.12.01"]
[Round "3.3"]
[White "Koehler, Max"]
[Black "Leeb, Jonas"]
[Result "0-1"]
[WhiteElo "1561"]
[BlackElo "1761"]
[PlyCount "118"]
[EventDate "2012.10.20"]
[EventType "team-tourn"]
[EventRounds "7"]
[EventCountry "GER"]
[SourceTitle "EXT 2020"]
[Source "ChessBase"]
[SourceDate "2019.10.17"]
[SourceVersion "1"]
[SourceVersionDate "2019.10.17"]
[SourceQuality "1"]
[WhiteTeam "Muenchen Tarrasch U20"]
[BlackTeam "Muenchen Suedost U20 II"]
[WhiteTeamCountry "GER"]
[BlackTeamCountry "GER"]

1. e4 c5 2. Nf3 Nc6 3. d4 cxd4 4. Nxd4 Nf6 5. f3 a6 6. Be3 g6 7. Bc4 Bg7 8. c3 0-0 9. Nd2 e6 10. 0-0 Re8 11. Bb3 Qc7 12. Bf2 b5 13. Nxc6 dxc6 14. Bc2 c5 15. Nb3 Nd7 16. Qc1 e5 17. Qe3 Bf8 18. Rad1 c4 19. Nc1 Bc5 20. Qg5 Kg7 21. Kh1 f6 22. Qg3 Bb7 23. Ne2 Rad8 24. Nd4 h5 25. Nf5+ Kh7 26. Bxc5 Nxc5 27. Ne3 Rxd1 28. Rxd1 Rd8 29. Qe1 Rd6 30. Nd5 Bxd5 31. exd5 Qd7 32. Qg3 Nd3 33. Bxd3 cxd3 34. Rxd3 Rxd5 35. Rxd5 Qxd5 36. Qe1 Qxa2 37. Qc1 Qc4 38. h3 a5 39. Qd2 Qc6 40. Qd8 a4 41. Qe7+ Kh6 42. Qf8+ Kg5 43. Qb4 Qc4 44. Qd6 Qe2 45. Qb4 Qd1+ 46. Kh2 Qd5 47. Qa3 e4 48. fxe4 Qxe4 49. Kh1 Kh4 50. Qa1 Qe2 51. Qb1 f5 52. Qc1 Qf2 53. Kh2 f4 54. Qb1 Qe3 55. Qf1 Qg3+ 56. Kg1 f3 57. Qf2 Qxf2+ 58. Kxf2 fxg2 59. Kxg2 g5 0-1

[Event "GER-ch Net qual3 U18"]
[Site "Playchess.com INT"]
[Date "2011.05.08"]
[Round "6"]
[White "Leeb, Jonas"]
[Black "Bechler, Lukas"]
[Result "0-1"]
[WhiteElo "1421"]
[BlackElo "1511"]
[PlyCount "50"]
[EventDate "2011.05.08"]
[EventType "swiss (blitz)"]
[EventRounds "7"]
[EventCountry "GER"]
[SourceTitle "CBM 142 Extra"]
[Source "ChessBase"]
[SourceDate "2011.06.27"]
[SourceVersion "1"]
[SourceVersionDate "2011.06.27"]
[SourceQuality "1"]

1. d4 Nf6 2. Nf3 e6 3. Bf4 c5 4. dxc5 Bxc5 5. e3 d5 6. Nc3 Nc6 7. Bb5 Bd7 8. a3 0-0 9. b4 Be7 10. 0-0 Qb6 11. Bxc6 Qxc6 12. Ne2 Bd6 13. Ned4 Qc7 14. Bxd6 Qxd6 15. Rc1 e5 16. Nb3 e4 17. Nfd4 Ng4 18. g3 Nf6 19. c4 Bh3 20. Re1 dxc4 21. Rxc4 Rac8 22. Qc2 Rxc4 23. Qxc4 Rd8 24. Nb5 Qd1 25. Qc1 Qf3 0-1

[Event "GER-ch Net qual1 U18"]
[Site "Playchess.com INT"]
[Date "2011.05.01"]
[Round "2"]
[White "Schloemer, Armin"]
[Black "Leeb, Jonas"]
[Result "1-0"]
[WhiteElo "1610"]
[BlackElo "1469"]
[PlyCount "77"]
[EventDate "2011.05.01"]
[EventType "swiss (blitz)"]
[EventRounds "7"]
[EventCountry "GER"]
[SourceTitle "CBM 142 Extra"]
[Source "ChessBase"]
[SourceDate "2011.06.27"]
[SourceVersion "1"]
[SourceVersionDate "2011.06.27"]
[SourceQuality "1"]

1. e4 e6 2. b3 d5 3. Bb2 Nf6 4. e5 Nfd7 5. f4 c5 6. Qg4 a6 7. a4 Nc6 8. Nf3 h6 9. Be2 Nb4 10. Na3 Nc6 11. 0-0 Qb6 12. f5 c4+ 13. Kh1 Ndxe5 14. Nxe5 Nxe5 15. Bxe5 exf5 16. Qd4 Qxd4 17. Bxd4 cxb3 18. cxb3 Be6 19. Nc2 Bd6 20. Ne3 f4 21. Ng4 0-0 22. Rac1 Rac8 23. Ne5 f6 24. Nd3 Bf5 25. Nxf4 Bxf4 26. Rxc8 Rxc8 27. Rxf4 Rc1+ 28. Rf1 Rxf1+ 29. Bxf1 Bc2 30. a5 Bxb3 31. Be2 Kf7 32. g3 Ke6 33. Kg2 Ba4 34. Bd3 f5 35. Bxg7 h5 36. h4 Bc6 37. Bd4 Kd6 38. Bxf5 Kc7 39. Bg6 1-0

[Event "Landesliga U20 Sued 1011"]
[Site "Bayern"]
[Date "2010.12.04"]
[Round "2.3"]
[White "D'Addona, Patrick"]
[Black "Leeb, Jonas"]
[Result "1/2-1/2"]
[WhiteElo "1483"]
[BlackElo "1543"]
[PlyCount "48"]
[EventDate "2010.10.16"]
[EventType "team-tourn"]
[EventRounds "7"]
[EventCountry "GER"]
[SourceTitle "EXT 2022"]
[Source "ChessBase"]
[SourceDate "2021.10.06"]
[SourceVersion "1"]
[SourceVersionDate "2021.10.06"]
[SourceQuality "1"]
[WhiteTeam "Koetz/Ichenhausen U20"]
[BlackTeam "Muenchen Suedost SK U20"]
[WhiteTeamCountry "GER"]
[BlackTeamCountry "GER"]

1. e4 e6 2. d4 d5 3. exd5 exd5 4. Bd3 Nf6 5. Bf4 Nc6 6. c3 Be7 7. Ne2 0-0 8. Nd2 Re8 9. Qc2 h6 10. h3 Bd6 11. Bxd6 Qxd6 12. 0-0-0 a5 13. f4 b6 14. g4 Nxg4 15. hxg4 Bxg4 16. Rde1 Bxe2 17. Bxe2 Qxf4 18. Ref1 Qe3 19. Bh5 Re7 20. Rf3 Qe1+ 21. Rxe1 Rxe1+ 22. Qd1 Rxd1+ 23. Kxd1 g6 24. Rg3 Kh7 1/2-1/2

[Event "Bayernliga U20 1011"]
[Site "Bayern"]
[Date "2010.10.16"]
[Round "1.6"]
[White "Leeb, Jonas"]
[Black "Heimbaecher, Moritz"]
[Result "0-1"]
[WhiteElo "1543"]
[BlackElo "1681"]
[PlyCount "90"]
[EventDate "2010.10.16"]
[EventType "team-tourn"]
[EventRounds "7"]
[EventCountry "GER"]
[SourceTitle "EXT 2022"]
[Source "ChessBase"]
[SourceDate "2021.10.06"]
[SourceVersion "1"]
[SourceVersionDate "2021.10.06"]
[SourceQuality "1"]
[WhiteTeam "Muenchen Suedost SK U20"]
[BlackTeam "Vaterstetten SC U20"]
[WhiteTeamCountry "GER"]
[BlackTeamCountry "GER"]

1. c4 Nf6 2. Nc3 b6 3. Nf3 Bb7 4. d4 d5 5. cxd5 Nxd5 6. Nxd5 Bxd5 7. Ne5 e6 8. f3 Bb4+ 9. Bd2 Qh4+ 10. g3 Qxd4 11. Nd3 Bxd2+ 12. Qxd2 0-0 13. Qf4 Qxf4 14. Nxf4 Nd7 15. e4 Bb7 16. Nd3 c5 17. Rc1 Rac8 18. b3 Rfd8 19. Nb2 Ne5 20. Ke2 Rd4 21. Nc4 Nxc4 22. Rxc4 Ba6 23. Ke3 Bxc4 24. Bxc4 Rcd8 25. Re1 Rd2 26. Re2 Rxe2+ 27. Kxe2 Kf8 28. h4 Ke7 29. a4 Kf6 30. Ke3 g5 31. h5 Rd4 32. g4 Rxc4 33. bxc4 Ke5 34. Kd3 Kf4 35. Ke2 f5 36. exf5 exf5 37. gxf5 Kxf5 38. Ke3 h6 39. Ke2 Kf4 40. Kf2 g4 41. fxg4 Kxg4 42. Kg2 Kxh5 43. Kh3 Kg5 44. Kg3 Kf5 45. Kf3 Ke5 0-1